000 00427nam a2200169Ia 4500
008 230711s9999||||xx |||||||||||||| ||und||
041 _aENG
082 _a372.6
_bKO-E
100 _aPrasad,P
245 4 _aThe functional aspects of communication skills
250 _a3rd Ed.
260 _c2006
_aNew Delhi
_bS.K Kataria & Sons
300 _a404
650 _aCOMMUNICATION SKILL
700 _aSharma,Rajendra,K
942 _cBK
999 _c5012
_d5012